[Event "IND-ch"]
[Site "Nagpur"]
[Date "1999.04.03"]
[Round "12"]
[White "Prasad, Devaki V"]
[Black "Rathore, SK."]
[Result "1-0"]
[WhiteElo "2435"]
[BlackElo "2372"]

1.e4 e5 2.Nf3 Nc6 3.Bb5 a6 4.Ba4 Nf6 5.O-O Be7 6.Re1 b5 7.Bb3 d6 8.c3 O-O
9.h3 Nb8 10.d4 Nbd7 11.Nbd2 Bb7 12.Bc2 Re8 13.b3 Bf8 14.d5 c6 15.c4 Qc7 16.Nf1 Rec8
17.Ne3 g6 18.a4 cxd5 19.cxd5 Nc5 20.Nd2 Nd3 21.Bxd3 Qc3 22.Rb1 Qxd3 23.Qf3 Bg7
24.Rd1 Rc7 25.Ba3 Rd8 26.Bb4 Rdd7 27.g4 h6 28.h4 Bc8 29.Ba5 Rc5 30.Bb4 Rcc7
31.Kg2 Qd4 32.Ba5 Rb7 33.Rbc1 Rb8 34.g5 hxg5 35.hxg5 Nh7 36.axb5 axb5 37.Rh1 Qa7
38.b4 Nxg5 39.Qg4 f6 40.Nf3 Nxf3 41.Kxf3 f5 42.Qxg6 Rf7 43.Rh7 fxe4+ 44.Kg2 Qd4
45.Rxc8+ Rxc8 46.Nf5 Qa7 47.Nh6+ Kf8  1-0

[Event "IND-ch"]
[Site "Nagpur"]
[Date "1999.04.07"]
[Round "16"]
[White "Thipsay, Praveen Mahadeo"]
[Black "Rathore, SK."]
[Result "1-0"]
[WhiteElo "2467"]
[BlackElo "2372"]

1.e4 e5 2.Nf3 Nc6 3.Bb5 a6 4.Ba4 Nf6 5.O-O Be7 6.Re1 b5 7.Bb3 d6 8.c3 O-O
9.h3 Nb8 10.d4 Nbd7 11.Nbd2 Bb7 12.Bc2 Re8 13.b3 Bf8 14.Bb2 g6 15.a4 Bg7
16.Bd3 c6 17.Qc2 d5 18.dxe5 Nxe4 19.Nxe4 dxe4 20.Bxe4 Nxe5 21.Nxe5 Bxe5 22.Bf3 Qf6
23.Re3 Re6 24.axb5 axb5 25.Rxa8+ Bxa8 26.Bg4 Re7 27.Qd2 Bc7 28.c4 Qd6 29.Qc3 f6
30.Qxf6 Qxf6 31.Bxf6 Rxe3 32.fxe3 Kf7 33.Bd4 bxc4 34.bxc4 Bb7 35.Kf2 Ba6
36.c5 Bc4 37.Bf3 Bb5 38.Be4 Ke6 39.h4 Be5 40.g4 Ba4 41.g5 Bb5 42.h5 gxh5
43.Bxh7 h4 44.Be4  1-0

[Event "ISR-chT"]
[Site "Israel"]
[Date "1999.04.09"]
[Round "7"]
[White "Kogan, Boris"]
[Black "Lev, Ronen"]
[Result "0-1"]
[WhiteElo "2445"]
[BlackElo "2457"]

1.e4 e5 2.Nf3 Nc6 3.Bb5 a6 4.Ba4 Nf6 5.O-O b5 6.Bb3 Be7 7.Re1 O-O 8.c3 d6
9.h3 Nb8 10.d4 Nbd7 11.Nbd2 Bb7 12.Bc2 Re8 13.Nf1 Bf8 14.Ng3 g6 15.b3 Bg7
16.d5 Qb8 17.a4 c6 18.c4 bxc4 19.bxc4 a5 20.Ba3 Ba6 21.Nf1 Nc5 22.Bxc5 dxc5
23.Rb1 Qc7 24.Ne3 Bh6 25.dxc6 Qxc6 26.Nd5 Nxd5 27.cxd5 Qd6 28.Nh2 Bg5 29.Nf3 Bh6
30.Nh2 c4 31.Ng4 Bg5 32.g3 Bd8 33.Qd2 h5 34.Ne3 Bb6 35.Nd1 Bd4 36.Nc3 Qa3
37.Ne2 Qc5 38.Nc3 Qa3 39.Ne2 Qc5 40.Nc3 Rab8 41.Kg2 Rb4 42.h4 Reb8 43.Rbc1 Rb2
44.Nd1 Ra2 45.g4 Qc8 46.Qg5 Qxg4+ 47.Qxg4 hxg4 48.Kg3 Bc8 49.Ne3 c3 50.Nxg4 Rbb2
51.Bd3 f5  0-1

[Event "Pula op 13th"]
[Site "Pula"]
[Date "1999.06.08"]
[Round "9"]
[White "Sax, Gyula"]
[Black "Stevic, Hrvoje"]
[Result "1/2-1/2"]
[WhiteElo "2524"]
[BlackElo "2465"]

1.e4 e5 2.Nf3 Nc6 3.Bb5 a6 4.Ba4 Nf6 5.O-O Be7 6.Re1 b5 7.Bb3 d6 8.c3 O-O
9.h3 Nb8 10.d4 Nbd7 11.c4 c6 12.Nbd2 Bb7 13.a4 Qc7 14.Qe2 Rab8 15.Nf1 bxc4
16.Bxc4 Nxe4 17.Qxe4 d5 18.Qg4 f5 19.Qg3 dxc4 20.Bh6 Rf7 21.dxe5 Nc5 22.e6 Nxe6
23.Rxe6 Qxg3 24.Nxg3 gxh6 25.Ne5 Bc8 26.Rxc6 Rf8 27.Nxc4 f4 28.Nh5 Bg5 29.Re1 Bb7
30.Rd6 Rbd8 31.Rb6 Bd5 32.Ne5 a5 33.Ng4 Bf7 34.Ngf6+ Kh8 35.h4 Bxh4 36.Nxf4 Rb8
37.Ra6 Bc4 38.Rc6 Bxf6 39.Rxc4 Bxb2 40.Ne6 Rfe8 41.Re3 Rb4 42.Rxb4 axb4 43.Nc5 Ra8
44.Re4 Bc3 45.Kf1 Ra5 46.Rc4 Kg7 47.Ke2 Bf6 48.Rg4+  1/2-1/2

[Event "Abu Dhabi Masters op"]
[Site "Abu Dhabi"]
[Date "1999.08.29"]
[Round "8"]
[White "Guliev, Logman"]
[Black "Kaabi, Mejdi"]
[Result "0-1"]
[WhiteElo "2425"]
[BlackElo "2362"]

1.e4 e5 2.Nf3 Nc6 3.Bb5 a6 4.Ba4 Nf6 5.O-O Be7 6.Re1 b5 7.Bb3 d6 8.c3 O-O
9.h3 Nb8 10.d4 Nbd7 11.Nbd2 Bb7 12.Bc2 Re8 13.Nf1 Bf8 14.Ng3 g6 15.a4 c5
16.d5 c4 17.Bg5 h6 18.Be3 Nc5 19.Qd2 h5 20.Ng5 Bh6 21.Nf3 Bxe3 22.Qxe3 Nfd7
23.Ra3 Qf6 24.Rea1 Kg7 25.Nd2 Nb6 26.Rf1 Qf4 27.Qe1 bxa4 28.Ne2 Qh4 29.Qd1 Qe7
30.f4 exf4 31.Nxf4 Rh8 32.Nf3 Rae8 33.Qd4+ Kg8 34.h4 Rh7 35.Raa1 Rg7 36.Rae1 Nbd7
37.Qxc4 a5 38.Qd4 Ba6 39.Rf2 Qf6 40.Ng5 Qe5 41.Rf3 Rb8 42.Qd1 Rxb2 43.Bxa4 Nf6
44.Qa1 Rb8 45.Bc2 Bc8 46.Qxa5 Bg4 47.Rf2 Bd7 48.g3 Ng4 49.Rfe2 f6 50.Nf3 Qe8
51.c4 g5 52.Ng2 Ne5 53.Nxe5 Qxe5 54.Qd2 Qxg3 55.Re3 Qe5 56.Qc3 gxh4 57.Qxe5 fxe5
58.Kh2 Rb2 59.R1e2 Bg4 60.Rd2 Ra7 61.Ne1 Raa2 62.Rg2 Kf8 63.Rc3 Ke7 64.Bb1 Rxg2+
65.Nxg2 Rb2 66.Bc2 h3 67.Ne3 Nxe4 68.Rb3 Ra2 69.Kg1 Nd2 70.Rb7+ Kd8 71.Rb8+ Kc7
72.Rf8 Ra1+  0-1

[Event "Budapest FS10 IM"]
[Site "Budapest"]
[Date "1999.10.05"]
[Round "4"]
[White "Gara, Ticia"]
[Black "Trabert, Bettina"]
[Result "1-0"]
[WhiteElo "2233"]
[BlackElo "2301"]

1.e4 e5 2.Nf3 Nc6 3.Bb5 a6 4.Ba4 Nf6 5.O-O Be7 6.Re1 b5 7.Bb3 d6 8.c3 O-O
9.h3 Nb8 10.d4 Nbd7 11.Nbd2 Bb7 12.Bc2 Re8 13.b3 Bf8 14.d5 c6 15.c4 cxd5
16.cxd5 Rc8 17.Nf1 Qc7 18.Bd3 Nc5 19.Bb1 g6 20.g4 Bg7 21.Ng3 Qe7 22.Kh2 Kh8
23.Rg1 Rc7 24.Be3 Nfd7 25.Qd2 Rec8 26.Ne1 Nf6 27.Bc2 Re8 28.Nf3 Rec8 29.Rac1 Ncd7
30.Ne1 Ne8 31.Rd1 Nc5 32.Bb1 Nf6 33.Nf3 Ne8 34.Rg2 Nd7 35.Rdg1 Nc5 36.Kh1 Ra8
37.h4 Bc8 38.g5 Bg4 39.Ne1 Bh3 40.Rh2 Bc8 41.h5 Kg8 42.hxg6 fxg6 43.Nf5 Qf8
44.Nxg7 Nxg7 45.f4 exf4 46.Bxf4 Rf7 47.Be3 Nd7 48.Nd3 Qe7 49.Rh4 Bb7 50.Bd4 Raf8
51.Bc2 Rf1 52.Rxf1 Rxf1+ 53.Kg2 Rf8 54.Bd1 Nh5 55.Bxh5 gxh5 56.Qe3 Qf7 57.Rf4 Qg6
58.Rxf8+ Nxf8 59.Bf6 Nd7 60.Nf4 Qf7 61.Qd4 h6 62.Kg3 hxg5 63.Bxg5 Ne5 64.Qb6 h4+
65.Kxh4 Nf3+ 66.Kg3 Nxg5 67.Qd8+ Kh7 68.Qxg5 Bc8 69.Nh5 Qf8 70.Nf6+ Kh8 71.Qh5+ Kg7
72.Ne8+ Kg8 73.Qg6+ Kh8 74.Nxd6  1-0

[Event "Budapest FS10 IM"]
[Site "Budapest"]
[Date "1999.10.07"]
[Round "6"]
[White "Gara, Anita"]
[Black "Trabert, Bettina"]
[Result "1-0"]
[WhiteElo "2260"]
[BlackElo "2301"]

1.e4 e5 2.Nf3 Nc6 3.Bb5 a6 4.Ba4 Nf6 5.O-O Be7 6.Re1 b5 7.Bb3 d6 8.c3 O-O
9.h3 Nb8 10.d4 Nbd7 11.Nbd2 Bb7 12.Bc2 Re8 13.b3 c6 14.Nf1 Bf8 15.Ng3 g6
16.a4 Qc7 17.a5 Rad8 18.Be3 Bg7 19.Qc1 Rc8 20.Nh4 exd4 21.cxd4 c5 22.d5 c4
23.b4 Bxd5 24.exd5 Nxd5 25.Rb1 Nxe3 26.Rxe3 d5 27.Nhf5 d4 28.Re7 Rb8 29.Rxe8+ Rxe8
30.Nxg7 Kxg7 31.Be4 h6 32.Qd2 d3 33.Rc1 Qe5 34.Bc6 Re7 35.Kf1 Qd4 36.Bb7 Re6
37.Rc3 Nf6 38.Bf3 Kh7 39.Kg1 Qe5 40.Rc1 Kg7 41.Nf1 Qd4 42.Ne3 Ne4 43.Bxe4 Rxe4
44.Kf1 f5 45.Nd1 Re2 46.Qc3 Qxc3 47.Nxc3 Rb2 48.Nd5 Rb3 49.g3 Kf7 50.h4 g5
51.h5 d2 52.Rd1 Rd3 53.Ne3 c3 54.Nc2 Ke6 55.Ke2 Rd7 56.Ke3 Ke5 57.f4+ gxf4+
58.gxf4+ Ke6 59.Ke2 Rg7 60.Nd4+ Kf6 61.Kd3 Rg3+ 62.Kc2 Re3 63.Nb3 Ke6 64.Nc5+ Kd5
65.Nxa6 Kc4 66.Nb8 Re8 67.Nc6 Re6 68.Nb8 Re8 69.Nd7 Kxb4 70.a6 Ra8 71.Rb1+ Ka5
72.Ra1+ Kb4 73.a7 d1=Q+ 74.Kxd1 Kb3 75.Nb6 c2+ 76.Kc1 Rd8 77.Ra3+ Kxa3 78.Kxc2 Ka2
79.Kc3 Ka3 80.a8=Q+ Rxa8 81.Nxa8 b4+ 82.Kd4 b3 83.Nb6 Ka2 84.Nc4 Kb1 85.Nd2+  1-0

[Event "Asia-chT"]
[Site "Shenyang"]
[Date "1999.10.10"]
[Round "1"]
[White "Prasad, Devaki V"]
[Black "Mamadshoev, Marat"]
[Result "1/2-1/2"]
[WhiteElo "2432"]
[BlackElo "2242"]

1.e4 e5 2.Nf3 Nc6 3.Bb5 a6 4.Ba4 Nf6 5.O-O Be7 6.Re1 b5 7.Bb3 O-O 8.h3 d6
9.c3 Nb8 10.d4 Nbd7 11.Nbd2 Bb7 12.Bc2 Re8 13.b3 Bf8 14.d5 c6 15.c4 cxd5
16.cxd5 g6 17.a4 Qc7 18.Bb2 Rec8 19.Bd3 Nc5 20.Bf1 Qb6 21.Ba3 Nh5 22.axb5 axb5
23.Bxc5 Qxc5 24.b4 Rxa1 25.Qxa1 Qxb4 26.Rb1 Qc3 27.Qxc3 Rxc3 28.Bxb5 Nf6
29.Bf1 Rc7 30.g4  1/2-1/2

[Event "EU-ch U20 Girls"]
[Site "Patras"]
[Date "1999.10.16"]
[Round "11"]
[White "Zozulia, Anna"]
[Black "Krivec, Jana"]
[Result "1/2-1/2"]
[WhiteElo "2353"]
[BlackElo "2177"]

1.e4 e5 2.Nf3 Nc6 3.Bb5 a6 4.Ba4 Nf6 5.O-O Be7 6.Re1 b5 7.Bb3 d6 8.c3 O-O
9.h3 Nb8 10.d4 Nbd7 11.Nbd2 Bb7 12.a4 c5 13.Bc2 Re8 14.Qe2 Qb6 15.d5 c4 16.Nf1 g6
17.g4 h5 18.N3h2 hxg4 19.hxg4 Kg7 20.Ng3 Rh8 21.axb5 axb5 22.Rxa8 Bxa8 23.Kg2 Nc5
24.Rh1 Bb7 25.Nhf1 Rxh1 26.Kxh1 Nh7 27.Kg2 Bg5 28.Bxg5 Nxg5 29.Nh2 Qd8 30.Qe3 Qf6
31.Nf3 Nxf3 32.Qxf3 Qxf3+ 33.Kxf3 Kf6 34.Nf1 Kg5 35.Kg3 f5 36.gxf5 gxf5 37.f3 f4+
38.Kf2 Ba6 39.Nd2 Bc8 40.Nb1 Bd7 41.Na3 Kh4  1/2-1/2

[Event "Aars get2net Cup IM"]
[Site "Aars"]
[Date "1999.10.20"]
[Round "5"]
[White "Bezgodov, Alexei"]
[Black "Christensen, Bent"]
[Result "1-0"]
[WhiteElo "2576"]
[BlackElo "2113"]

1.e4 e5 2.Nf3 Nc6 3.Bb5 a6 4.Ba4 Nf6 5.O-O Be7 6.Re1 b5 7.Bb3 d6 8.c3 O-O
9.h3 Nb8 10.d4 Nbd7 11.Nbd2 Bb7 12.Bc2 Re8 13.a4 Bf8 14.Bd3 c6 15.Nf1 Qc7
16.Ng3 g6 17.Bg5 h6 18.Be3 Rab8 19.Qd2 Kh7 20.b4 Bg7 21.Qa2 Re7 22.Rac1 Nb6
23.dxe5 dxe5 24.a5 Nbd7 25.c4 Qd8 26.Red1 Rc8 27.Bc2 Qe8 28.Bb3 Kg8 29.Rd6 Nf8
30.Rcd1 Rd7 31.Bc5 Rcd8 32.Rxd7 Rxd7 33.Rxd7 N8xd7 34.Bd6 Bf8 35.Bxf8 Qxf8
36.c5 Qe7 37.Nh4 Nf8 38.Qd2 Nxe4 39.Nxe4 Qxh4 40.Nd6  1-0

[Event "Wichern op 5th"]
[Site "Hamburg"]
[Date "1999.10.22"]
[Round "9"]
[White "Aagaard, Jacob"]
[Black "Weeks, Manuel William"]
[Result "1/2-1/2"]
[WhiteElo "2403"]
[BlackElo "2245"]

1.e4 e5 2.Nf3 Nc6 3.Bb5 a6 4.Ba4 Nf6 5.O-O Be7 6.Re1 b5 7.Bb3 d6 8.c3 O-O
9.h3 Nb8 10.d4 Nbd7 11.Nbd2 Bb7 12.Bc2 Re8 13.Nf1 Bf8 14.Ng3 g6 15.a4 c5
16.d5 c4 17.Bg5 h6 18.Be3 Nc5 19.Qd2 h5 20.Bg5 Be7 21.Reb1 Nfd7 22.Bxe7 Qxe7
23.Qh6 Qf8 24.Qe3 Nb6 25.a5 Nbd7 26.b4 cxb3 27.Bxb3 Nxb3 28.Rxb3 Rec8 29.Nd2 Rc5
30.c4 Qc8 31.cxb5 axb5 32.Kh2 Qd8 33.Qh6 Qf8 34.Qg5 Qd8 35.Qh6 Qf8 36.Qg5 Qd8
37.Qxd8+ Rxd8 38.a6 Ra8 39.Rba3 Bc8 40.a7 Rc2 41.Nb3 Nc5 42.Nxc5 Rxc5 43.Nf1 Rc7
44.Nd2 Kf8 45.Ra5  1/2-1/2

[Event "Wch U16 Girls"]
[Site "Oropesa del Mar"]
[Date "1999.10.27"]
[Round "4"]
[White "Maksutova, M."]
[Black "Georgieva, Liubka"]
[Result "1/2-1/2"]
[WhiteElo "2059"]
[BlackElo "2162"]

1.e4 e5 2.Nf3 Nc6 3.Bb5 a6 4.Ba4 Nf6 5.O-O Be7 6.Re1 b5 7.Bb3 O-O 8.c3 d6
9.h3 Nb8 10.d3 Nbd7 11.Nbd2 Bb7 12.Nf1 h6 13.Ng3 Re8 14.Nf5 Bf8 15.Bd2 d5
16.exd5 Nxd5 17.Bc2 c5 18.d4 exd4 19.cxd4 Rxe1+ 20.Qxe1 Nb4 21.Be4 Bxe4 22.Qxe4 Nf6
23.Qh4 Nc2 24.Rc1 Nxd4 25.N3xd4 cxd4 26.Qxd4 Qxd4 27.Nxd4 Nd5 28.a3 g6 29.Nb3 Bg7
30.Rc5 Nb6 31.Rc2 Na4 32.Bc1 h5 33.Nd2 a5 34.b3 Nc3 35.Kf1 Re8 36.Bb2 b4
37.axb4 axb4 38.Nc4 Ra8 39.Ne3 Ra2 40.Bxc3 Rxc2 41.Nxc2 Bxc3 42.Ke2  1/2-1/2

[Event "FSIM November"]
[Site "Budapest HUN"]
[Date "1999.11.10"]
[Round "5"]
[White "Dembo,Y"]
[Black "Kahn,E"]
[Result "1/2-1/2"]
[WhiteElo "2244"]
[BlackElo "2305"]

1.e4 e5 2.Nf3 Nc6 3.Bb5 a6 4.Ba4 Nf6 5.O-O Be7 6.Re1 b5 7.Bb3 d6 8.c3 O-O
9.h3 Nb8 10.d4 Nbd7 11.Nbd2 Bb7 12.Bc2 Re8 13.Nf1 Bf8 14.Ng3 g6 15.a4 c5
16.d5 Nb6 17.a5 Nc4 18.b4 cxb4 19.cxb4 Rc8  1/2-1/2

[Event "Eu Team Ch (women)"]
[Site "Batumi GEO"]
[Date "1999.12.07"]
[Round "9"]
[White "Berzina,I"]
[Black "Krivec,J"]
[Result "1-0"]
[WhiteElo "2075"]
[BlackElo "2177"]

1.e4 e5 2.Nf3 Nc6 3.Bb5 a6 4.Ba4 Nf6 5.O-O Be7 6.Re1 b5 7.Bb3 d6 8.c3 O-O
9.h3 Nb8 10.d4 Nbd7 11.Nbd2 Bb7 12.Bc2 Re8 13.Nf1 Bf8 14.Ng3 g6 15.a4 c5
16.d5 c4 17.Bg5 h6 18.Be3 Bg7 19.Kh1 Nh7 20.Qd2 h5 21.Ng5 Nxg5 22.Bxg5 Bf6
23.Be3 Nf8 24.Ne2 g5 25.Ng3 h4 26.Nf5 Ng6 27.Kh2 Rb8 28.axb5 axb5 29.Ra7 Rf8
30.Rea1 Bc8 31.Ra8 Rxa8 32.Rxa8 Kh7 33.Rb8 Rg8 34.Qd1 Rh8 35.Rxb5 Bxf5 36.exf5 Ne7
37.Bxg5 Nxd5 38.Qxd5 Bxg5 39.Qxf7+  1-0

[Event "Regionalliga NW9899"]
[Site "Bayern"]
[Date "1999.??.??"]
[Round "?"]
[White "Rink, Christian"]
[Black "Scheringer, Dietrich"]
[Result "1/2-1/2"]
[WhiteElo "2085"]
[BlackElo "2040"]

1.e4 e5 2.Nf3 Nc6 3.Bb5 a6 4.Ba4 Nf6 5.O-O Be7 6.Re1 b5 7.Bb3 d6 8.c3 O-O
9.h3 Nb8 10.d3 Nbd7 11.Nbd2 c5 12.Nf1 Nh5 13.Ne3 Nf4 14.Bc2 g6 15.d4 cxd4
16.cxd4 Bf6 17.dxe5 dxe5 18.Ng4 Bg7 19.Qd6 h5 20.Ne3 Nb6 21.Qc5 Bb7 22.Rd1 Rc8
23.Rxd8 Rxc5 24.Rxf8+ Kxf8 25.b4 Rc8 26.Kf1 Ne6 27.Bd2 Nd4 28.Bd3 Nc4 29.Bxc4 bxc4
30.Nd5 Bxd5 31.exd5 c3 32.Rc1 e4 33.Nxd4 Bxd4 34.Ke2 Ke7 35.Be3 Bxe3 36.Kxe3 Rc4
37.Rd1 Kd6 38.a3 f5 39.g3 g5 40.h4 gxh4 41.gxh4 c2 42.Rc1 Kxd5 43.Kd2 Kd4
44.Rxc2 Rxc2+ 45.Kxc2 Kc4 46.Kb2 Kd3 47.a4 Ke2 48.b5 axb5 49.axb5 Kxf2 50.b6 e3
51.b7 e2 52.b8=Q e1=Q 53.Qf4+ Kg2 54.Qg5+ Qg3 55.Qxf5 Qxh4 56.Qd5+ Kg1 57.Qd1+ Kg2
58.Qd5+ Kh2 59.Qe5+ Kh3 60.Qf5+ Qg4 61.Qd3+ Kh2 62.Kc1 h4 63.Kd2 Qg2+ 64.Kd1 h3
65.Qd6+ Kh1 66.Ke1 Qe4+ 67.Kf2 Qc2+ 68.Kf1 Qg2+ 69.Ke1 h2 70.Qf4  1/2-1/2

[Event "SLO-ch U20 Girls"]
[Site "Kranj"]
[Date "1999.??.??"]
[Round "?"]
[White "Riznar, Helena"]
[Black "Krivec, Jana"]
[Result "0-1"]
[WhiteElo "2031"]
[BlackElo "2161"]

1.e4 e5 2.Nf3 Nc6 3.Bb5 a6 4.Ba4 Nf6 5.O-O Be7 6.Re1 b5 7.Bb3 d6 8.h3 O-O
9.c3 Nb8 10.d4 Nbd7 11.Nbd2 Bb7 12.Bc2 Re8 13.Nf1 Bf8 14.Ng3 g6 15.Nh2 h5
16.Bg5 c5 17.d5 Qc7 18.Qd2 Nh7 19.Be3 c4 20.Rad1 Bg7 21.f3 Bf6 22.Ngf1 Qd8
23.g3 Ng5 24.Kg2 Bc8 25.g4 h4 26.Qf2 Nh7 27.Nd2 g5 28.Nb1 Qa5 29.Na3 Bd8
30.Nf1 f6 31.Bb1 Bb6 32.Nc2 Bxe3 33.Nfxe3 Nc5 34.Nb4 Qc7 35.Nc6 Nf8 36.Nf5 Ng6
37.Re3 Bb7 38.Kh2 Nf4 39.Rd2 Bxc6 40.dxc6 Ncd3 41.Bxd3 Nxd3 42.Qf1 Qxc6 43.Qd1 Rad8
44.b3 d5 45.exd5 Qxd5 46.bxc4 bxc4 47.Re4 Qb5 48.Qc2 Kf8 49.Kh1 Qc6 50.Ne3 Nc5
51.Rxd8 Rxd8 52.Rxc4 Qxf3+ 53.Ng2 Rd1+  0-1

[Event "Mondariz-A"]
[Site "Mondariz"]
[Date "1999.??.??"]
[Round "1"]
[White "Rivera, Daniel"]
[Black "Gomez Lopez, Roberto"]
[Result "0-1"]
[WhiteElo "2360"]
[BlackElo "2215"]

1.e4 e5 2.Nf3 Nc6 3.Bb5 a6 4.Ba4 Nf6 5.O-O Be7 6.Re1 d6 7.c3 O-O 8.h3 b5
9.Bb3 Nb8 10.d4 Nbd7 11.Nbd2 c5 12.Nf1 Re8 13.Ng3 Bf8 14.d5 g6 15.Bc2 Nb6
16.Nh2 Bg7 17.b3 a5 18.Bg5 h6 19.Be3 b4 20.Bd2 h5 21.a3 bxc3 22.Bxc3 h4 23.Ne2 Nh5
24.b4 axb4 25.axb4 Rxa1 26.Qxa1 Qc7 27.Ba4 Nxa4 28.Qxa4 Bd7 29.Qa3 Nf6 30.Nc1 g5
31.bxc5 dxc5 32.Nf3 g4 33.hxg4 Nxg4 34.Nxh4 c4 35.Qb2 Bf8 36.Qd2 Qd8 37.g3 Bc5
38.Rf1 Qf6 39.Qe2 Nxf2 40.Rxf2 Qg5 41.Qd2 Qxg3+ 42.Ng2 Bxf2+ 43.Qxf2 Qxc3
44.Ne2 Qd3 45.Ng3 c3 46.Ne3 Qb1+ 47.Nef1 Qc1 48.Nh5 Qg5+ 49.Nfg3 f5 50.exf5 Bxf5
51.Nf6+ Qxf6 52.Nxf5 Qg5+  0-1

[Event "St Lorrain Masters"]
[Site "St Lorrain"]
[Date "1999.??.??"]
[Round "4"]
[White "Olivier, Jean Christophe"]
[Black "Mancini, Mario"]
[Result "1-0"]
[WhiteElo "2390"]
[BlackElo "2340"]

1.e4 e5 2.Nf3 Nc6 3.Bb5 a6 4.Ba4 Nf6 5.O-O Be7 6.Re1 b5 7.Bb3 d6 8.c3 O-O
9.h3 Nb8 10.d4 Nbd7 11.Nbd2 Bb7 12.Bc2 Re8 13.Nf1 Bf8 14.Ng3 g6 15.Bg5 h6
16.Bd2 Bg7 17.a4 c6 18.Be3 Qc7 19.Qd2 Kh7 20.b3 Nb6 21.a5 Nbd7 22.b4 exd4
23.cxd4 c5 24.bxc5 dxc5 25.Bf4 Qd8 26.d5 c4 27.Bd6 Rc8 28.h4 Nc5 29.Bxc5 Rxc5
30.Rad1 Nd7 31.h5 c3 32.hxg6+ fxg6 33.Qd3 Ne5 34.Nxe5 Bxe5 35.f4 Bxf4 36.e5 Qg5
37.Ne4 Qh4 38.g3 Bxg3 39.Qxg3 Qxg3+ 40.Nxg3 Rxd5 41.Rxd5 Bxd5 42.Nh5 Rd8
43.Nf6+ Kg7 44.Rd1 Kf7 45.Rxd5 Rxd5 46.Nxd5 Ke6 47.Nc7+ Kxe5 48.Nxa6 Kd6
49.Bxg6 Kc6 50.Be4+ Kd6 51.Kf2 h5 52.Ke3 b4 53.Nxb4 Kc5 54.a6  1-0

[Event "Wisla Hugart op (Women)"]
[Site "Warsaw"]
[Date "1999.??.??"]
[Round "?"]
[White "Glazik, Malgorzata"]
[Black "Erneste, Inguna"]
[Result "1-0"]
[WhiteElo "2117"]
[BlackElo "2307"]

1.e4 e5 2.Nf3 Nc6 3.Bb5 a6 4.Ba4 Nf6 5.O-O Be7 6.Re1 b5 7.Bb3 d6 8.c3 O-O
9.h3 Nb8 10.d4 Nbd7 11.Nbd2 Bb7 12.Bc2 Re8 13.Nf1 h6 14.Ng3 Bf8 15.a4 g6
16.Bd3 c6 17.Qc2 Qc7 18.b3 Nb6 19.Bb2 bxa4 20.bxa4 a5 21.Rab1 Ba6 22.Bxa6 Rxa6
23.Bc1 Nbd7 24.Be3 Raa8 25.Rb2 Rab8 26.Reb1 Rxb2 27.Rxb2 Rb8 28.Qb1 Rxb2
29.Qxb2 Bg7 30.Qd2 Kh7 31.c4 exd4 32.Bxd4 Ne8 33.Be3 Nc5 34.Bxc5 dxc5 35.e5 Qb6
36.Qd7 Qb8 37.Qxf7 Qd8 38.h4 Nc7 39.h5 gxh5 40.Nxh5 Ne8 41.Qf5+ Kg8 42.Qg6 Qd7
43.Nxg7 Nxg7 44.Qxh6 Qd1+ 45.Kh2 Qxa4 46.Qh4 Qd1 47.Ng5 Qh5 48.Qxh5 Nxh5
49.Ne4 a4 50.Nxc5 a3 51.Nb3 a2 52.Na1 Kf7 53.g4 Nf4 54.Kg3 Nd3 55.f4 Nb2
56.f5 Nxc4 57.Kf4 Nb6 58.g5 Nd5+ 59.Ke4 Nc3+ 60.Kd3 Nd5 61.Kd4 Nf4 62.Kc5 Ke7
63.Kxc6 Ne2 64.Kd5 Nc3+ 65.Kd4 Ne2+ 66.Ke3 Ng3 67.Kf4 Ne2+ 68.Kg4 Nd4 69.g6 Nc6
70.Kf4 Nd4 71.Ke4 Nc6 72.f6+ Ke6 73.g7 Kf7 74.e6+  1-0

[Event "Wisla Hugart op (Women)"]
[Site "Warsaw"]
[Date "1999.??.??"]
[Round "?"]
[White "Peptan, Corina"]
[Black "Erneste, Inguna"]
[Result "1/2-1/2"]
[WhiteElo "2427"]
[BlackElo "2307"]

1.e4 e5 2.Nf3 Nc6 3.Bb5 a6 4.Ba4 Nf6 5.O-O Be7 6.Re1 b5 7.Bb3 d6 8.c3 O-O
9.h3 Nb8 10.d4 Nbd7 11.Nbd2 Bb7 12.Bc2 c5 13.Nf1 Re8 14.a4 Bf8 15.Ng3 cxd4
16.cxd4 exd4 17.Nxd4 Nc5 18.axb5 axb5 19.Rxa8 Bxa8 20.Nxb5 Ncxe4 21.Nxe4 Nxe4
22.Qd4 Qc8 23.Nc3 Nxc3 24.Rxe8 Qxe8 25.Qxc3 g6 26.Bd1 Bg7 27.Qe3 Qb8 28.b4 d5
29.Bd2 d4 30.Qd3 Bc6 31.Be2 Qb7 32.Bf1 h5 33.Qc4 Bd5 34.Qb5 Qa8 35.Qa6 Qe8
36.b5 Be5 37.Qa7 h4 38.Bg5 Be4 39.f3 Bf5 40.Qc5 d3 41.Qd5 Bg3 42.Bf6 Qe3+
43.Kh1 Qb6 44.Bd4 Qd6 45.Qa8+ Qb8 46.Qa5 Be5 47.Bxe5 Qxe5 48.Bxd3 Bxd3 49.Qd8+ Kh7
50.Qxd3 Qe1+ 51.Kh2 Qe5+ 52.Kg1 Qc5+ 53.Kf1 Qc1+ 54.Kf2 Qc5+ 55.Ke1 Qc1+
56.Qd1 Qc3+ 57.Qd2 Qa1+ 58.Kf2 Qa7+ 59.Kf1 Qc5 60.Qb2 Qc4+ 61.Kg1 Qc5+ 62.Kh1 Qe3
63.Qb4 Qc1+ 64.Kh2 Qc7+ 65.f4 Qb6 66.Qe7 Kg7 67.Qe5+ f6 68.Qe7+ Kh6 69.Qf8+ Kh7
70.Qf7+ Kh6 71.Qg8 g5 72.fxg5+ fxg5 73.Qf8+ Kg6 74.Qe8+ Kf5 75.Qd7+ Ke5 76.Qe8+ Kf5
77.Qc6 Qb8+ 78.Kh1 Qe5 79.Qc2+ Ke6 80.Qb1 Kd7 81.b6 Kc8 82.Qb4 Qa1+ 83.Kh2 Qe5+
84.Kg1 Qe3+ 85.Kf1 Kb7 86.Qa5 Qc1+ 87.Ke2 Qc4+ 88.Kd2 Qd4+ 89.Kc2 Qe4+ 90.Kb3 Qb1+
91.Kc4 Qe4+ 92.Kb3 Qb1+ 93.Kc4 Qe4+  1/2-1/2

[Event "ch-CRO"]
[Site "Pula CRO"]
[Date "2000.01.07"]
[Round "1"]
[White "Rogic,D"]
[Black "Stevic,H"]
[Result "1/2-1/2"]
[WhiteElo "2505"]
[BlackElo "2470"]

1.e4 e5 2.Nf3 Nc6 3.Bb5 a6 4.Ba4 Nf6 5.O-O Be7 6.Re1 b5 7.Bb3 d6 8.c3 O-O
9.h3 Nb8 10.d4 Nbd7 11.Nbd2 Bb7 12.a3 exd4 13.cxd4 c5 14.Bc2 cxd4 15.Nxd4 Re8
16.b4 Bf8 17.Bb2 d5 18.exd5 Bxd5 19.Rxe8  1/2-1/2

[Event "ch-Serbia"]
[Site "Kragujevac YUG"]
[Date "2000.02.24"]
[Round "6"]
[White "Pikula,D"]
[Black "Todorovic,GM"]
[Result "1/2-1/2"]
[WhiteElo "2476"]
[BlackElo "2426"]

1.e4 e5 2.Nf3 Nc6 3.Bb5 a6 4.Ba4 Nf6 5.O-O Be7 6.Re1 b5 7.Bb3 d6 8.c3 O-O
9.h3 Nb8 10.d4 Nbd7 11.Nbd2 Bb7 12.d5  1/2-1/2

[Event "WIPRO GM"]
[Site "Hyderabad IND"]
[Date "2000.07.16"]
[Round "1"]
[White "Aarthie,R"]
[Black "Vladimirov,E"]
[Result "0-1"]
[WhiteElo "2319"]
[BlackElo "2598"]

1.e4 e5 2.Nf3 Nc6 3.Bb5 a6 4.Ba4 Nf6 5.O-O Be7 6.Re1 b5 7.Bb3 O-O 8.h3 d6
9.c3 Nb8 10.d4 Nbd7 11.Nbd2 Bb7 12.Bc2 Re8 13.Nf1 Bf8 14.Ng3 g6 15.a4 Bg7
16.d5 Qb8 17.b3 c6 18.c4 b4 19.Be3 a5 20.Qd2 cxd5 21.cxd5 Rc8 22.Rac1 Nc5
23.Bh6 Bxh6 24.Qxh6 Rc7 25.Qe3 Qd8 26.Bd1 Nfd7 27.Nd2 Nb6 28.Be2 Qh4 29.Nc4 Nxc4
30.Bxc4 Rf8 31.Nf1 f5 32.exf5 gxf5 33.Qg3+ Qxg3 34.Nxg3 f4 35.Ne4 Nxe4 36.Rxe4 Rc5
37.Rd1 Bc8 38.f3 Bf5 39.Re2 Rfc8 40.Rb2 Rxc4 41.bxc4 Rxc4 42.Rdd2 Rc3 43.Kf2 b3
44.g4 fxg3+ 45.Kxg3 Kf7 46.h4 Bc2  0-1

[Event "FSIMA August"]
[Site "Budapest HUN"]
[Date "2000.08.12"]
[Round "8"]
[White "Szabo,Zo"]
[Black "Borisek,J"]
[Result "1/2-1/2"]
[WhiteElo "2320"]
[BlackElo "2089"]

1.e4 e5 2.Nf3 Nc6 3.Bb5 a6 4.Ba4 Nf6 5.O-O Be7 6.Re1 b5 7.Bb3 d6 8.c3 O-O
9.h3 Nb8 10.d4 Nbd7 11.Nbd2 Bb7 12.Bc2 Re8 13.Nf1 Bf8 14.Ng3 g6 15.a4 c5
16.d5 c4 17.Be3 Nc5 18.Qd2 Rb8 19.Nh2 h5 20.Nf3 Bc8 21.axb5 axb5 22.Ra7 Rb7
23.Ra8 Nfd7 24.Rea1 Nb6 25.R8a3 Nba4 26.Bxa4 Nxa4 27.b3 cxb3 28.Rxb3 Nc5
29.Rb4 Bd7 30.Ne2 Qc7 31.Ng3 Qd8 32.Ne1 Qc8 33.Bg5 Bg7 34.Nd3 Na4 35.Ne2 Rc7
36.Ra3 Kh7 37.Nb2 Nc5  1/2-1/2

[Event "TCh-ESP"]
[Site "Barcelona ESP"]
[Date "2000.08.13"]
[Round "9"]
[White "Morovic Fernandez,I"]
[Black "Giorgadze,G"]
[Result "1/2-1/2"]
[WhiteElo "2608"]
[BlackElo "2599"]

1.e4 e5 2.Nf3 Nc6 3.Bb5 a6 4.Ba4 Nf6 5.O-O Be7 6.Re1 b5 7.Bb3 d6 8.c3 O-O
9.h3 Nb8 10.d4 Nbd7 11.Nbd2 Bb7 12.Bc2 Re8 13.Nf1 Bf8 14.Bg5 h6 15.Bh4 g6
16.dxe5 dxe5 17.N3h2 Be7 18.Qe2 Nh5  1/2-1/2

[Event "Lost Boys Open"]
[Site "Amsterdam NED"]
[Date "2000.08.16"]
[Round "6"]
[White "Shchekachev,A"]
[Black "Piket,Je"]
[Result "1/2-1/2"]
[WhiteElo "2503"]
[BlackElo "2649"]

1.e4 e5 2.Nf3 Nc6 3.Bb5 a6 4.Ba4 Nf6 5.O-O Be7 6.Re1 b5 7.Bb3 d6 8.c3 O-O
9.h3 Nb8 10.d4 Nbd7 11.Nbd2 Bb7 12.Bc2 Re8 13.Nf1 Bf8 14.Ng3 c5 15.d5 c4
16.Nf5 Qc7 17.Bg5 Kh8 18.Nh2 Ng8 19.Qd2 Bc8 20.Ng4 Nc5 21.Ng3 Bd7 22.Be3 Rac8
23.Qe2 g6 24.Qd2 Bg7 25.Nh2 a5 26.Kh1 Rb8 27.Rac1 b4 28.Bb1 Rec8 29.f4 bxc3
30.bxc3 exf4 31.Bxf4 a4 32.Nf3 f6 33.Nf1 a3 34.Ne3 Rb2 35.Qd4 Na4 36.Nc2 g5
37.Bh2 g4 38.hxg4 Nh6 39.Nxa3 Nxg4 40.Bg3 Ne5 41.Qe3 Ng4 42.Qd4 Ne5 43.Qe3  1/2-1/2

[Event "Penta Media GM"]
[Site "Kelamabakkam IND"]
[Date "2000.08.17"]
[Round "4"]
[White "Sandipan,C"]
[Black "Vladimirov,E"]
[Result "0-1"]
[WhiteElo "2446"]
[BlackElo "2598"]

1.e4 e5 2.Nf3 Nc6 3.Bb5 a6 4.Ba4 Nf6 5.O-O Be7 6.Re1 b5 7.Bb3 O-O 8.c3 d6
9.h3 Nb8 10.d4 Nbd7 11.Nbd2 Bb7 12.Bc2 Re8 13.Nf1 Bf8 14.Ng3 g6 15.a4 Bg7
16.d5 Qb8 17.b3 c6 18.c4 bxc4 19.bxc4 a5 20.Ba3 Bf8 21.Rb1 Qc7 22.Qd2 Ba6
23.Bb3 Rab8 24.Rec1 Nc5 25.Bxc5 dxc5 26.Ne1 cxd5 27.cxd5 Rb4 28.Bc2 c4 29.Ne2 Qb6
30.Nc3 Qd4 31.Nf3 Qxd2 32.Nxd2 Reb8 33.Nf1 Bc5 34.Ng3 Nd7 35.Nge2 Bd6 36.Na2 Rb2
37.Rxb2 Rxb2 38.Nec3 Nc5 39.Nd1 Rb4 40.Ndc3 Kf8 41.Rb1 Ke7 42.Nc1 Kd7 43.N1a2 Rxb1+
44.Nxb1 Nb3 45.Nac3 Bb4 46.Kf1 Kd6 47.Ke2 Kc5 48.Kd1 Bc8 49.Bxb3 cxb3 50.Kc1 Ba6
51.Kb2 Bf1 52.g3 Bxh3 53.Nd2 Bg2 54.Kxb3 Kd4 55.Nb5+ Kd3 56.Nc4 Kxe4 57.d6 Bh3
58.Nb6 Be6+ 59.Kc2 Bc5 60.Na8 Bxf2 61.Nac7 Bf5  0-1